[Event "DVM U16 2009"]
[Site "Verden/Aller GER"]
[Date "2009.12.27"]
[Round "2"]
[White "Zenziper, Leo Robert"]
[Black "Finke, Kai"]
[Result "1-0"]
[Termination "normal"]
[Board "10.2"]
[WhiteElo "1429"]
[BlackElo "1659"]
[WhiteTeam "SV Dresden-Striesen"]
[BlackTeam "Schachgemeinschaft Porz"]
[PlyCount "139"]
[BlackFideId "1270611"]
[EventCountry "GER"]
[EventRounds "7"]
[EventType "team-swiss"]
[EventDate "2009.12.26"]

1. e4 c5 2. Nc3 d6 3. f4 g6 4. Nf3 Bg7 5. Bc4 Nc6 6. Bb5 Bd7 7. Bxc6 Bxc6 8. d3
b5 9. O-O Nf6 10. Qe1 O-O 11. Nh4 b4 12. Ne2 Qb6 13. f5 a5 14. Qg3 Nd7 15. fxg6
fxg6 16. Nf4 Rf6 17. Nf3 c4+ 18. Kh1 cxd3 19. cxd3 Ne5 20. Ng5 Raf8 21. Be3 Qa6
22. d4 Nc4 23. Rf2 Nxe3 24. Qxe3 e5 25. dxe5 dxe5 26. Nfh3 h6 27. Nf3 Qb7 28.
Re1 g5 29. Nd2 g4 30. Rxf6 Rxf6 31. Nf2 h5 32. Nc4 Bb5 33. b3 Bxc4 34. bxc4 Qf7
35. Re2 Qxc4 36. Qb3 Rc6 37. Qxc4+ Rxc4 38. h3 g3 39. Nd3 Rc3 40. Ne1 Rc1 41.
Kg1 Bf8 42. Kf1 Bc5 43. Rc2 Rxc2 44. Nxc2 a4 45. Na1 h4 46. Ke2 Bd4 47. Nc2 b3
48. axb3 axb3 49. Na3 Kf7 50. Kf3 Bc5 51. Nc4 Ke6 52. Kg4 Be7 53. Nd2 b2 54.
Kf3 Kd7 55. Ke2 Kc6 56. Kd3 Bc5 57. Kc2 Bd4 58. Nf3 Kd6 59. Nxh4 Ke6 60. Nf5
Kf6 61. Nxg3 Kg5 62. Ne2 Kf6 63. Nxd4 exd4 64. Kxb2 Ke5 65. Kc2 Kxe4 66. Kd2 d3
67. g4 Kd4 68. g5 Ke5 69. Kxd3 Kf5 70. h4 1-0

[Event "DVM U16 2009"]
[Site "Verden/Aller GER"]
[Date "2009.12.27"]
[Round "2"]
[White "Mehler, Simon"]
[Black "Hanisch, Paul"]
[Result "0-1"]
[Termination "normal"]
[Board "10.3"]
[WhiteElo "1483"]
[BlackElo "1361"]
[WhiteTeam "Schachgemeinschaft Porz"]
[BlackTeam "SV Dresden-Striesen"]
[PlyCount "56"]
[WhiteFideId "12910198"]
[EventCountry "GER"]
[EventRounds "7"]
[EventType "team-swiss"]
[EventDate "2009.12.26"]

1. e4 e5 2. Nf3 Nf6 3. Nc3 Nc6 4. Bc4 Bb4 5. O-O O-O 6. d3 h6 7. Bd2 d6 8. Re1
Bg4 9. h3 Bh5 10. a3 Ba5 11. b4 Bb6 12. Nd5 Nd4 13. Kf1 Nxd5 14. g4 Nxf3 15.
Qxf3 Qf6 16. Qxf6 Nxf6 17. gxh5 Nxh5 18. Ke2 Kh8 19. b5 f5 20. Bd5 fxe4 21.
Bxb7 exd3+ 22. Kxd3 Rab8 23. Bc6 Rxf2 24. Rf1 Rbf8 25. Rxf2 Rxf2 26. Be4 Ng3
27. Bd5 e4+ 28. Kc3 Ba5+ 0-1

[Event "DVM U16 2009"]
[Site "Verden/Aller GER"]
[Date "2009.12.27"]
[Round "2"]
[White "Röbke, Martin"]
[Black "Schell, Samuel"]
[Result "1-0"]
[Termination "normal"]
[Board "10.4"]
[WhiteElo "1265"]
[BlackElo "1475"]
[WhiteTeam "SV Dresden-Striesen"]
[BlackTeam "Schachgemeinschaft Porz"]
[PlyCount "74"]
[WhiteFideId "12910244"]
[EventCountry "GER"]
[EventRounds "7"]
[EventType "team-swiss"]
[EventDate "2009.12.26"]

1. e4 g6 2. d4 Bg7 3. Nc3 d6 4. Be3 Nc6 5. Bc4 e5 6. Nf3 Bg4 7. h3 Bxf3 8. Qxf3
Nf6 9. d5 Ne7 10. O-O O-O 11. Bg5 Nh5 12. Ne2 Qd7 13. Rab1 h6 14. Bh4 f5 15.
Bxe7 Qxe7 16. exf5 Rxf5 17. Qb3 b6 18. Rbe1 Qg5 19. Bd3 Nf4 20. Be4 Raf8 21.
Nxf4 Rxf4 22. Qd3 Kh8 23. Bxg6 Rd4 24. Qg3 Rxd5 25. Qxg5 hxg5 26. f3 Rf4 27.
Be4 Rd4 28. c3 Rd2 29. Rf2 Rxf2 30. Kxf2 Rf8 31. Ke3 Bf6 32. Kd3 b5 33. Rc1 Rd8
34. Bd5 Rc8 35. Bc6 Rb8 36. Be4 Kg7 37. Bf5 Rb6 {Partie nicht rekonstruirbar}
1-0

[Event "DVM U16 2009"]
[Site "Verden/Aller GER"]
[Date "2009.12.28"]
[Round "4"]
[White "Raum, Sebastian"]
[Black "Kahleys, Kevin"]
[Result "1-0"]
[Termination "normal"]
[Board "1.1"]
[WhiteElo "1910"]
[BlackElo "2034"]
[WhiteTeam "SG Oesede-Georgsmarienhütte"]
[BlackTeam "SV Mülheim Nord 1931"]
[PlyCount "105"]
[WhiteFideId "24673935"]
[BlackFideId "24669601"]
[EventCountry "GER"]
[EventRounds "7"]
[EventType "team-swiss"]
[EventDate "2009.12.26"]

1. e4 e6 2. d4 d5 3. Nd2 Nf6 4. e5 Nfd7 5. Bd3 c5 6. c3 Nc6 7. Ne2 Qb6 8. Nf3
cxd4 9. cxd4 f6 10. exf6 Nxf6 11. O-O Bd6 12. b3 O-O 13. Bf4 Bxf4 14. Nxf4 Ne4
15. Ne2 Bd7 16. Ng3 Nxg3 17. hxg3 g6 18. Be2 Rac8 19. Qd2 Rxf3 20. Bxf3 Nxd4
21. Rfd1 Nf5 22. g4 Nh4 23. Be2 Rf8 24. Qd4 Qxd4 25. Rxd4 g5 26. Rc1 Bc6 27. a4
a6 28. Bxa6 e5 29. Rdd1 d4 30. f3 e4 31. Bc4+ Kh8 32. fxe4 Bxe4 33. Rxd4 Bxg2
34. Bd5 Rd8 35. Rcd1 Bf3 36. Bxb7 Rg8 37. Bxf3 Nxf3+ 38. Kf2 Nxd4 39. Rxd4 Kg7
40. a5 Kf6 41. Re4 h5 42. gxh5 Kf5 43. Ra4 Ke5 44. a6 Kd5 45. a7 Ra8 46. h6 Kc6
47. h7 Kb7 48. Kg2 g4 49. Kg3 Kb6 50. h8=Q Rxh8 51. a8=Q Rxa8 52. Rxa8 Kb5 53.
Kxg4 1-0

[Event "DVM U16 2009"]
[Site "Verden/Aller GER"]
[Date "2009.12.28"]
[Round "4"]
[White "Mundorf, Johannes"]
[Black "Thumulka, Patrick"]
[Result "1-0"]
[Termination "normal"]
[Board "1.2"]
[WhiteElo "1858"]
[BlackElo "1892"]
[WhiteTeam "SV Mülheim Nord 1931"]
[BlackTeam "SG Oesede-Georgsmarienhütte"]
[PlyCount "85"]
[WhiteFideId "24672491"]
[BlackFideId "24676870"]
[EventCountry "GER"]
[EventRounds "7"]
[EventType "team-swiss"]
[EventDate "2009.12.26"]

1. d4 d5 2. Nf3 Nf6 3. c4 c6 4. cxd5 cxd5 5. Nc3 Nc6 6. Bf4 Bf5 7. e3 e6 8. Qb3
Qb6 9. Bb5 Nd7 10. O-O Be7 11. Rfc1 Rc8 12. Na4 Qd8 13. Rc3 O-O 14. Rac1 g5 15.
Bg3 g4 16. Bxc6 Rxc6 17. Rxc6 bxc6 18. Ne5 Nxe5 19. Bxe5 f6 20. Bg3 Qa5 21. a3
Qd2 22. Qc3 Qxc3 23. Rxc3 Rc8 24. b4 Kf7 25. b5 c5 26. dxc5 e5 27. b6 axb6 28.
cxb6 Bxa3 29. f4 gxf3 30. Rxa3 Rc1+ 31. Kf2 Rc2+ 32. Kxf3 Be4+ 33. Kg4 h5+ 34.
Kxh5 Rc8 35. Be1 Rh8+ 36. Kg4 Rg8+ 37. Kh4 Bf5 38. h3 Rxg2 39. b7 Rg8 40. Nc5
Rh8+ 41. Kg3 Rxh3+ 42. Kg2 Rh8 43. Ra8 1-0

[Event "DVM U16 2009"]
[Site "Verden/Aller GER"]
[Date "2009.12.28"]
[Round "4"]
[White "Düssler, Stefanie"]
[Black "Simanowski, Mio"]
[Result "1-0"]
[Termination "normal"]
[Board "1.3"]
[WhiteElo "1784"]
[BlackElo "1633"]
[WhiteTeam "SG Oesede-Georgsmarienhütte"]
[BlackTeam "SV Mülheim Nord 1931"]
[PlyCount "95"]
[WhiteFideId "4634780"]
[BlackFideId "24687154"]
[EventCountry "GER"]
[EventRounds "7"]
[EventType "team-swiss"]
[EventDate "2009.12.26"]

1. e4 e5 2. Nf3 Nc6 3. Bb5 a6 4. Ba4 Nf6 5. O-O b5 6. Bb3 Bc5 7. d3 O-O 8. c3
d6 9. h3 h6 10. Re1 Be6 11. Bc2 Ne7 12. d4 exd4 13. cxd4 Bb4 14. Nc3 c6 15. a3
Ba5 16. Be3 Rc8 17. Rc1 Bc4 18. Bb1 Re8 19. Nd2 Be6 20. f4 c5 21. d5 Bd7 22. e5
Bxc3 23. exf6 Bxf6 24. Ne4 Nf5 25. Nxf6+ Qxf6 26. Rc3 Nxe3 27. Rcxe3 Qxf4 28.
Re4 Qf6 29. Rf1 Qg5 30. Qd3 Rxe4 31. Qxe4 f5 32. Qf3 Rf8 33. Re1 Qf6 34. Re2
Rc8 35. Kh2 c4 36. Re3 a5 37. Qe2 Kf7 38. Qh5+ Kf8 39. Rf3 Qe5+ 40. Kg1 Qe1+
41. Rf1 Qe3+ 42. Kh1 f4 43. Qh4 Kg8 44. Bg6 Rf8 45. Re1 Qg3 46. Qe7 Bxh3 47.
Qxf8+ Kxf8 48. Re8# 1-0

[Event "DVM U16 2009"]
[Site "Verden/Aller GER"]
[Date "2009.12.28"]
[Round "4"]
[White "Messing, Simon"]
[Black "Fischer, Marvin"]
[Result "1-0"]
[Termination "normal"]
[Board "1.4"]
[WhiteElo "1593"]
[BlackElo "1438"]
[WhiteTeam "SV Mülheim Nord 1931"]
[BlackTeam "SG Oesede-Georgsmarienhütte"]
[PlyCount "91"]
[WhiteFideId "24651990"]
[BlackFideId "12910082"]
[EventCountry "GER"]
[EventRounds "7"]
[EventType "team-swiss"]
[EventDate "2009.12.26"]

1. c4 e6 2. d4 d5 3. Nc3 Nf6 4. Bg5 Be7 5. Nf3 O-O 6. e3 Nbd7 7. Be2 b6 8. Rc1
Bb7 9. O-O c5 10. Nd2 Rc8 11. Bf3 cxd4 12. exd4 Ba6 13. Nb5 dxc4 14. Nxa7 c3
15. Nxc8 cxd2 16. Qxd2 Bxc8 17. Bf4 Ba6 18. Bc7 Qe8 19. Rfe1 Bd8 20. Bg3 h6 21.
Bc6 Nh7 22. d5 Bg5 23. f4 Bf6 24. dxe6 fxe6 25. Bxd7 Qd8 26. Bxe6+ Kh8 27. Qxd8
Rxd8 28. Rcd1 Rf8 29. b3 Bc8 30. Bxc8 Rxc8 31. Re6 b5 32. Rde1 Bd4+ 33. Bf2
Bxf2+ 34. Kxf2 Nf6 35. a4 bxa4 36. bxa4 Rc2+ 37. R1e2 Rc4 38. Ra2 Rxf4+ 39. Kg3
g5 40. h3 Ne4+ 41. Kh2 Nc3 42. Ra3 Nxa4 43. Re2 Kg8 44. Re7 Nb6 45. Ra6 Rf6 46.
Rb7 1-0

[Event "DVM U16 2009"]
[Site "Verden/Aller GER"]
[Date "2009.12.28"]
[Round "4"]
[White "Weißbeck, Simon"]
[Black "Xu, Xianliang"]
[Result "1-0"]
[Termination "normal"]
[Board "2.1"]
[WhiteElo "1992"]
[BlackElo "1968"]
[WhiteTeam "Heilbronner Schachverein"]
[BlackTeam "SK Bebenhausen"]
[PlyCount "103"]
[WhiteFideId "24646865"]
[BlackFideId "4603230"]
[EventCountry "GER"]
[EventRounds "7"]
[EventType "team-swiss"]
[EventDate "2009.12.26"]

1. e4 c5 2. c3 Nf6 3. e5 Nd5 4. Nf3 Nc6 5. Bc4 Nb6 6. Bb3 g6 7. d4 cxd4 8. cxd4
Bg7 9. Bf4 d6 10. exd6 O-O 11. O-O Bg4 12. Nc3 Nxd4 13. Qe1 exd6 14. Nxd4 Bxd4
15. Qe4 Bg7 16. Qxb7 Be5 17. Bxe5 dxe5 18. h3 Bf5 19. Rad1 Qh4 20. Rfe1 Qf6 21.
Qc7 Rfe8 22. Nd5 Nxd5 23. Rxd5 Re7 24. Qa5 e4 25. Rd8+ Rxd8 26. Qxd8+ Kg7 27.
Qd2 Qe5 28. Rc1 Be6 29. Bxe6 Rxe6 30. Qc3 Qxc3 31. Rxc3 Rd6 32. Rc2 Rd7 33. Kf1
f5 34. Ke2 Kf6 35. Rc5 Ke6 36. b4 Rd6 37. Ra5 Rd7 38. Rc5 Rd6 39. b5 a6 40. a4
axb5 41. Rxb5 h6 42. h4 Ra6 43. a5 Rd6 44. Rb6 Rxb6 45. axb6 Kd6 46. Ke3 Kc6
47. Kf4 Kxb6 48. h5 gxh5 49. Kxf5 Kc5 50. Kxe4 Kd6 51. Kf5 h4 52. Kg4 1-0

[Event "DVM U16 2009"]
[Site "Verden/Aller GER"]
[Date "2009.12.28"]
[Round "4"]
[White "Kaulich, Philipp Theodor"]
[Black "Zuferi, Enis"]
[Result "1-0"]
[Termination "normal"]
[Board "2.2"]
[WhiteElo "1874"]
[BlackElo "1846"]
[WhiteTeam "SK Bebenhausen"]
[BlackTeam "Heilbronner Schachverein"]
[PlyCount "71"]
[WhiteFideId "4641582"]
[BlackFideId "24692530"]
[EventCountry "GER"]
[EventRounds "7"]
[EventType "team-swiss"]
[EventDate "2009.12.26"]

1. e4 c5 2. d4 cxd4 3. c3 d3 4. Bxd3 Nc6 5. c4 d6 6. Nc3 Nf6 7. h3 h6 8. Nf3 e6
9. Be3 Be7 10. a3 O-O 11. O-O b6 12. b4 Nd7 13. Qb3 Bb7 14. Rac1 Rc8 15. Rfd1
Qc7 16. Nd5 exd5 17. cxd5 Qb8 18. dxc6 Bxc6 19. Nd4 Bb7 20. Nf5 Bf6 21. Bb5
Rxc1 22. Bxc1 Ne5 23. f4 Nc6 24. Rxd6 Nd4 25. Rxd4 Bxd4+ 26. Nxd4 Bxe4 27. Qe3
Qb7 28. Bb2 Bxg2 29. Qg3 Be4 30. Nf5 f6 31. Nxh6+ Kh7 32. Ng4 Qd5 33. Bf1 a5
34. Qh4+ Kg6 35. Ne3 Qh5 36. f5+ 1-0

[Event "DVM U16 2009"]
[Site "Verden/Aller GER"]
[Date "2009.12.28"]
[Round "4"]
[White "Bonenberger, Pablo Jeremias"]
[Black "Usov, Andreas"]
[Result "1/2-1/2"]
[Termination "normal"]
[Board "2.4"]
[WhiteElo "1820"]
[BlackElo "1472"]
[WhiteTeam "SK Bebenhausen"]
[BlackTeam "Heilbronner Schachverein"]
[PlyCount "68"]
[WhiteFideId "4640675"]
[BlackFideId "24601713"]
[EventCountry "GER"]
[EventRounds "7"]
[EventType "team-swiss"]
[EventDate "2009.12.26"]

1. e4 e6 2. Nf3 d5 3. e5 c5 4. b4 cxb4 5. a3 Nc6 6. axb4 Bxb4 7. c3 Ba5 8. d4
f6 9. Bd3 fxe5 10. Nxe5 Nxe5 11. dxe5 Ne7 12. Bg5 Bb6 13. Qh5+ Kd7 14. Qh4 Qf8
15. Bb5+ Nc6 16. O-O Kc7 17. Nd2 Bd7 18. c4 h6 19. Be3 Bxe3 20. fxe3 Qc5 21.
Qg3 dxc4 22. Bxc4 Qxe5 23. Qe1 Rhf8 24. Nf3 Qc5 25. Rc1 Qe7 26. Qc3 g5 27. Rfd1
Rad8 28. Bb5 Qf6 29. Qa5+ b6 30. Rxd7+ Rxd7 31. Rxc6+ Kd8 32. Qe1 Qb2 33. Be2
Rc7 34. Rxc7 Kxc7 1/2-1/2

[Event "DVM U16 2009"]
[Site "Verden/Aller GER"]
[Date "2009.12.28"]
[Round "4"]
[White "Hager, Joshua Aarash"]
[Black "Konow, Philipp"]
[Result "1-0"]
[Termination "normal"]
[Board "3.1"]
[WhiteElo "2231"]
[BlackElo "1864"]
[WhiteTeam "OSG Baden-Baden"]
[BlackTeam "Stader Schachverein"]
[PlyCount "81"]
[WhiteFideId "24642789"]
[BlackFideId "4635230"]
[EventCountry "GER"]
[EventRounds "7"]
[EventType "team-swiss"]
[EventDate "2009.12.26"]

1. e4 c5 2. Nf3 Nc6 3. d4 cxd4 4. Nxd4 e5 5. Nb5 d6 6. N1c3 a6 7. Na3 b5 8. Nd5
Nce7 9. c4 Nxd5 10. exd5 f5 11. cxb5 Nf6 12. Bc4 Be7 13. O-O O-O 14. Qe2 Kh8
15. f3 f4 16. Rd1 Qd7 17. b3 Bd8 18. Bd2 Bb6+ 19. Kh1 Qf7 20. Be1 Nh5 21. Bf2
Qa7 22. Rd2 Rf6 23. Nc2 Rh6 24. Kg1 Nf6 25. Nb4 axb5 26. Bxb5 Bxf2+ 27. Qxf2
Qa5 28. Bc6 Rb8 29. Nc2 Bf5 30. b4 Qa6 31. b5 Qa5 32. Qe1 e4 33. Nd4 e3 34. Re2
Qxe1+ 35. Rexe1 Bd3 36. a4 Bc4 37. a5 Bxd5 38. a6 Bxc6 39. Nxc6 Ra8 40. b6 Nd7
41. b7 1-0

[Event "DVM U16 2009"]
[Site "Verden/Aller GER"]
[Date "2009.12.28"]
[Round "4"]
[White "Bauschmann, Christoph"]
[Black "Sarchisov, Slavik"]
[Result "0-1"]
[Termination "normal"]
[Board "3.2"]
[WhiteElo "1860"]
[BlackElo "2115"]
[WhiteTeam "Stader Schachverein"]
[BlackTeam "OSG Baden-Baden"]
[PlyCount "62"]
[WhiteFideId "24603414"]
[BlackFideId "24647888"]
[EventCountry "GER"]
[EventRounds "7"]
[EventType "team-swiss"]
[EventDate "2009.12.26"]

1. e4 c5 2. Nf3 d6 3. d4 cxd4 4. Nxd4 Nf6 5. Nc3 a6 6. Bg5 e6 7. f4 h6 8. Bh4
Nbd7 9. Qf3 e5 10. Nf5 exf4 11. Bxf6 Nxf6 12. O-O-O Bxf5 13. exf5 Be7 14. Bc4
O-O 15. Rhe1 b5 16. Bb3 Qc7 17. Kb1 Rfd8 18. Qxf4 Rab8 19. Rd3 Bf8 20. g4 Re8
21. Red1 Qc5 22. Nd5 Nxd5 23. Bxd5 Re2 24. Rc3 Qa7 25. g5 hxg5 26. Qxg5 Rbe8
27. f6 Re1 28. Rcd3 R8e5 29. Qh4 Rxd1+ 30. Rxd1 Rxd5 31. Rc1 Qd4 0-1

[Event "DVM U16 2009"]
[Site "Verden/Aller GER"]
[Date "2009.12.28"]
[Round "4"]
[White "Bochis, Julia"]
[Black "Evers, Annika"]
[Result "1-0"]
[Termination "normal"]
[Board "3.3"]
[WhiteElo "2077"]
[BlackElo "1676"]
[WhiteTeam "OSG Baden-Baden"]
[BlackTeam "Stader Schachverein"]
[PlyCount "105"]
[WhiteFideId "24647276"]
[BlackFideId "24691933"]
[EventCountry "GER"]
[EventRounds "7"]
[EventType "team-swiss"]
[EventDate "2009.12.26"]

1. e4 c5 2. Nf3 e6 3. d4 cxd4 4. Nxd4 Nf6 5. Nc3 Nc6 6. Nxc6 bxc6 7. e5 Nd5 8.
Ne4 Qc7 9. f4 Qb6 10. c4 Bb4+ 11. Ke2 f5 12. Nf2 Ba6 13. Kf3 Ne7 14. Be3 Bc5
15. Bxc5 Qxc5 16. Qd6 Qb6 17. b3 c5 18. Be2 Kf7 19. Ke3 Rhd8 20. Rhd1 Rac8 21.
Bf3 Nc6 22. Rd2 Nd4 23. Qxb6 axb6 24. Nh3 Nxf3 25. gxf3 h6 26. a4 Ke7 27. Rg1
Rg8 28. Rgd1 Rcd8 29. Rd6 Bb7 30. Rxb6 Bc6 31. Nf2 g5 32. Nd3 gxf4+ 33. Nxf4
Rb8 34. Rxb8 Rxb8 35. Rd3 Rd8 36. Ng6+ Kf7 37. Nh4 Ke7 38. Kf4 Ba8 39. Ng2 d5
40. exd6+ Rxd6 41. Rxd6 Kxd6 42. Ne1 Bc6 43. Nd3 Bd7 44. a5 Bc8 45. Ne5 Ke7 46.
Ke3 Kf6 47. f4 Ke7 48. Kd3 Bb7 49. Kc3 Be4 50. b4 cxb4+ 51. Kxb4 h5 52. Kb5 Kd6
53. Kb6 1-0

[Event "DVM U16 2009"]
[Site "Verden/Aller GER"]
[Date "2009.12.28"]
[Round "4"]
[White "Meyer, Christoph"]
[Black "Gölgeci, Oguz"]
[Result "0-1"]
[Termination "normal"]
[Board "3.4"]
[WhiteElo "1591"]
[BlackElo "1861"]
[WhiteTeam "Stader Schachverein"]
[BlackTeam "OSG Baden-Baden"]
[PlyCount "72"]
[WhiteFideId "1270490"]
[BlackFideId "12910120"]
[EventCountry "GER"]
[EventRounds "7"]
[EventType "team-swiss"]
[EventDate "2009.12.26"]

1. d4 d5 2. c4 e6 3. Nc3 Nf6 4. Bg5 Nbd7 5. cxd5 exd5 6. e3 Be7 7. Bd3 O-O 8.
Qc2 Re8 9. Nge2 c6 10. a3 g6 11. O-O Nf8 12. Bh4 Ne6 13. b4 a6 14. Rab1 Ng7 15.
f3 Nf5 16. Bf2 Ng7 17. a4 Be6 18. b5 c5 19. dxc5 Bxc5 20. Nd4 Qd7 21. Nce2 Rec8
22. Qd2 a5 23. Nc2 Bf5 24. Ned4 Bxd3 25. Qxd3 Bb6 26. Rfe1 Rc4 27. Qb3 Rac8 28.
Re2 Nf5 29. Rd1 h6 30. g4 Nxd4 31. Nxd4 Rb4 32. Qa2 Rcc4 33. Nc2 Rxa4 34. Qb2
Qe6 35. Rd3 Nd7 36. Red2 Ne5 0-1

[Event "DVM U16 2009"]
[Site "Verden/Aller GER"]
[Date "2009.12.28"]
[Round "4"]
[White "Marx, Joschka"]
[Black "Raider, Eugen"]
[Result "1-0"]
[Termination "normal"]
[Board "4.1"]
[WhiteElo "2020"]
[BlackElo "1871"]
[WhiteTeam "Segeberger SF"]
[BlackTeam "Königsspringer SC 1984"]
[PlyCount "71"]
[WhiteFideId "24645869"]
[BlackFideId "24657352"]
[EventCountry "GER"]
[EventRounds "7"]
[EventType "team-swiss"]
[EventDate "2009.12.26"]

1. Nf3 c5 2. g3 e6 3. Bg2 a6 4. d3 d5 5. O-O Nf6 6. Nbd2 Be7 7. e4 O-O 8. c3
Nc6 9. Qe2 b5 10. Re1 c4 11. d4 Qb6 12. a3 a5 13. h4 dxe4 14. Nxe4 Nxe4 15.
Qxe4 Bb7 16. Qg4 Rfe8 17. Bh6 Bf8 18. h5 f5 19. Qg5 Qc7 20. Nh4 Kh8 21. Qf4 Bd6
22. Bxg7+ Kxg7 23. Qg5+ Kh8 24. d5 Qe7 25. Qh6 Qf8 26. dxc6 Bc8 27. Rad1 Bc7
28. Rd2 Qg7 29. Qxg7+ Kxg7 30. Nxf5+ Kf6 31. Nd6 Rd8 32. Ne4+ Ke7 33. Rxd8 Kxd8
34. Ng5 Ke7 35. Nxh7 Rb8 36. Ng5 1-0

[Event "DVM U16 2009"]
[Site "Verden/Aller GER"]
[Date "2009.12.28"]
[Round "4"]
[White "Stanau, Guido"]
[Black "Schwarzat, Julian"]
[Result "1/2-1/2"]
[Termination "normal"]
[Board "4.2"]
[WhiteElo "2006"]
[BlackElo "2022"]
[WhiteTeam "Königsspringer SC 1984"]
[BlackTeam "Segeberger SF"]
[PlyCount "86"]
[WhiteFideId "24692255"]
[BlackFideId "24675857"]
[EventCountry "GER"]
[EventRounds "7"]
[EventType "team-swiss"]
[EventDate "2009.12.26"]

1. e4 e6 2. d4 d5 3. Nc3 Bb4 4. e5 Ne7 5. Qg4 Nf5 6. Bd3 h5 7. Qf4 Ne7 8. Nf3
c5 9. a3 Bxc3+ 10. bxc3 Qc7 11. O-O c4 12. Be2 Nbc6 13. a4 Ng6 14. Qg5 Qd8 15.
Qxd8+ Nxd8 16. Ba3 Bd7 17. Bd6 Nf4 18. Bd1 b6 19. g3 Ng6 20. Nd2 Nb7 21. Bb4 a5
22. Ba3 Bxa4 23. Bf3 b5 24. Rfb1 O-O-O 25. Bc1 Rd7 26. Rb2 Nd8 27. Nb1 Nc6 28.
Na3 Na7 29. Rab1 Ne7 30. Kg2 Nec6 31. Bd2 Rb7 32. h3 Kc7 33. Ra2 Rbb8 34. Kh2
Rbf8 35. Bf4 Kd7 36. Rd1 Ne7 37. Bg2 Rc8 38. Nb1 Ng6 39. Be3 Rb8 40. Nd2 f6 41.
f4 Ne7 42. Bf3 Nf5 43. Nf1 Nc8 1/2-1/2

[Event "DVM U16 2009"]
[Site "Verden/Aller GER"]
[Date "2009.12.28"]
[Round "4"]
[White "Huhnstock, Rico"]
[Black "Steinfeldt, Henry"]
[Result "1/2-1/2"]
[Termination "normal"]
[Board "4.3"]
[WhiteElo "1916"]
[BlackElo "1796"]
[WhiteTeam "Segeberger SF"]
[BlackTeam "Königsspringer SC 1984"]
[PlyCount "80"]
[WhiteFideId "24642932"]
[BlackFideId "24697176"]
[EventCountry "GER"]
[EventRounds "7"]
[EventType "team-swiss"]
[EventDate "2009.12.26"]

1. e4 e5 2. Bc4 Nf6 3. d3 Bc5 4. Nf3 d6 5. h3 Nc6 6. c3 O-O 7. Bg5 h6 8. Bh4
Qe7 9. Bb3 Be6 10. Bc2 d5 11. Nbd2 d4 12. c4 a5 13. Ba4 Bd7 14. a3 Qe6 15. Bg3
Bd6 16. Rc1 b6 17. Nb3 Nb8 18. Bxd7 Nbxd7 19. O-O c5 20. Nh4 Kh7 21. Nf5 Ng8
22. Nd2 Ne7 23. Qg4 g6 24. Nxd6 Qxd6 25. f4 f6 26. Nf3 Rae8 27. Rc2 Nc6 28.
fxe5 Ndxe5 29. Nxe5 Nxe5 30. Bxe5 fxe5 31. Rcf2 Rxf2 32. Rxf2 Qe6 33. Qxe6 Rxe6
34. a4 Kg7 35. g3 h5 36. h4 Rf6 37. Rxf6 Kxf6 38. Kf2 g5 39. Kf3 gxh4 40. gxh4
Kg6 1/2-1/2

[Event "DVM U16 2009"]
[Site "Verden/Aller GER"]
[Date "2009.12.28"]
[Round "4"]
[White "Hort, Max"]
[Black "Neitzel, Mirko"]
[Result "0-1"]
[Termination "normal"]
[Board "4.4"]
[WhiteElo "1850"]
[BlackElo "1873"]
[WhiteTeam "Königsspringer SC 1984"]
[BlackTeam "Segeberger SF"]
[PlyCount "70"]
[WhiteFideId "24600849"]
[BlackFideId "24657298"]
[EventCountry "GER"]
[EventRounds "7"]
[EventType "team-swiss"]
[EventDate "2009.12.26"]

1. e4 c5 2. c3 d5 3. exd5 Qxd5 4. d4 Nc6 5. Nf3 Bg4 6. dxc5 Qxd1+ 7. Kxd1 e5 8.
b4 a5 9. Bb5 Nge7 10. Nbd2 axb4 11. cxb4 O-O-O 12. a3 Nd4 13. Be2 Bxf3 14. Bxf3
f5 15. Rb1 e4 16. Bxe4 fxe4 17. Nxe4 Nec6 18. Bb2 Ne5 19. Ke1 Nd3+ 20. Kd2 Nxb2
21. Rxb2 Nb5+ 22. Kc1 g6 23. a4 Nd4 24. Rd1 Bh6+ 25. Kb1 Nf5 26. Kc2 Rxd1 27.
Kxd1 Rd8+ 28. Ke2 Rd4 29. f3 Bf4 30. g3 Be5 31. Rb1 h6 32. g4 Ne7 33. Ke3 Nd5+
34. Ke2 Rxe4+ 35. fxe4 Nc3+ 0-1

[Event "DVM U16 2009"]
[Site "Verden/Aller GER"]
[Date "2009.12.28"]
[Round "4"]
[White "Schätz, Annika"]
[Black "Budszuhn, Timo"]
[Result "1/2-1/2"]
[Termination "normal"]
[Board "5.2"]
[WhiteElo "1786"]
[BlackElo "1717"]
[WhiteTeam "USG Chemnitz"]
[BlackTeam "Schachgesellschaft Bochum 31"]
[PlyCount "57"]
[WhiteFideId "24674796"]
[BlackFideId "1270607"]
[EventCountry "GER"]
[EventRounds "7"]
[EventType "team-swiss"]
[EventDate "2009.12.26"]

1. e4 e5 2. Nf3 Nc6 3. Bc4 Bc5 4. c3 Nf6 5. d3 h6 6. O-O d6 7. Nbd2 O-O 8. Bb3
Be6 9. h3 d5 10. exd5 Bxd5 11. Bxd5 Qxd5 12. Nb3 Bb6 13. d4 exd4 14. Nbxd4 Nxd4
15. Nxd4 Bxd4 16. Qxd4 Qxd4 17. cxd4 Rad8 18. Be3 Nd5 19. Rac1 Rfe8 20. Rfe1 c6
21. a3 Re7 22. Kf1 Red7 23. Red1 f5 24. Bd2 Kf7 25. Bc3 Nf4 26. Rd2 Ne6 27.
Rcd1 Rd5 28. b4 g5 29. g3 1/2-1/2

[Event "DVM U16 2009"]
[Site "Verden/Aller GER"]
[Date "2009.12.28"]
[Round "4"]
[White "Orhan, Eda"]
[Black "Matschewsky, Justus"]
[Result "1-0"]
[Termination "normal"]
[Board "5.3"]
[WhiteElo "1780"]
[BlackElo "1731"]
[WhiteTeam "Schachgesellschaft Bochum 31"]
[BlackTeam "USG Chemnitz"]
[PlyCount "35"]
[WhiteFideId "24659258"]
[BlackFideId "24678708"]
[EventCountry "GER"]
[EventRounds "7"]
[EventType "team-swiss"]
[EventDate "2009.12.26"]

1. d4 Nf6 2. Nf3 e6 3. e3 c5 4. Bd3 d5 5. b3 Bd7 6. Bb2 Nc6 7. O-O Nb4 8. Be2
Rc8 9. a3 Nc6 10. Nbd2 Bd6 11. Ne5 Qc7 12. f4 Ne4 13. Bd3 f5 14. Bxe4 dxe4 15.
Qh5+ g6 16. Nxg6 hxg6 17. Qxh8+ Kf7 18. Qh7+ 1-0

[Event "DVM U16 2009"]
[Site "Verden/Aller GER"]
[Date "2009.12.28"]
[Round "4"]
[White "Jentzsch, Jakob"]
[Black "Benning, Robert"]
[Result "1/2-1/2"]
[Termination "normal"]
[Board "5.4"]
[WhiteElo "1525"]
[BlackElo "1316"]
[WhiteTeam "USG Chemnitz"]
[BlackTeam "Schachgesellschaft Bochum 31"]
[PlyCount "32"]
[BlackFideId "1271707"]
[EventCountry "GER"]
[EventRounds "7"]
[EventType "team-swiss"]
[EventDate "2009.12.26"]

1. e4 d5 2. exd5 Nf6 3. d4 Nxd5 4. Bc4 Nc6 5. Ne2 Bf5 6. O-O e6 7. c3 Be7 8.
Ng3 Bg6 9. Nd2 O-O 10. Nf3 Qd6 11. Re1 Rad8 12. Qe2 h6 13. Bxd5 Qxd5 14. Bf4
Bd6 15. Ne5 Nxe5 16. dxe5 Qa5 1/2-1/2

[Event "DVM U16 2009"]
[Site "Verden/Aller GER"]
[Date "2009.12.28"]
[Round "4"]
[White "Kuhlemann, Alexander"]
[Black "Horbach, Fabian"]
[Result "0-1"]
[Termination "normal"]
[Board "6.1"]
[WhiteElo "1855"]
[BlackElo "1786"]
[WhiteTeam "SC 1868 Bamberg"]
[BlackTeam "SV 1949 Herzogenrath"]
[PlyCount "44"]
[BlackFideId "12910139"]
[EventCountry "GER"]
[EventRounds "7"]
[EventType "team-swiss"]
[EventDate "2009.12.26"]

1. f4 d5 2. Nf3 g6 3. e3 Bg7 4. d4 Nh6 5. Bd3 O-O 6. O-O Bf5 7. c3 Bxd3 8. Qxd3
f6 9. b3 Nf7 10. Ba3 Re8 11. f5 gxf5 12. Qxf5 Qd7 13. Qh5 e5 14. Nh4 Ng5 15.
Nf5 Nc6 16. Nd2 Qf7 17. Nh6+ Bxh6 18. Qxh6 Re6 19. h4 Nh3+ 20. gxh3 f5 21. Qg5+
Rg6 22. Rxf5 Rxg5+ 0-1